000 00507nam a2200169Ia 4500
008 090711s9999 xx 000 0 und d
082 _b18043
100 _aआपटे ना. ह.
245 _aहसा आणि रुसा
260 _bआपटे आणि मंडळी
_c1950
300 _a131
600 _aआपटे ना. ह.
630 _aहसा आणि रुसा
700 _aआपटे ना. ह.
730 _aहसा आणि रुसा
942 _cBOOK
999 _c314449
_d314449